MDQL
is popping MORE tags! Check the
thread
!
Quizzes
Events
Quiz Creation
Community
Videos
Private Events
Remove Ads
Sign In
Join for FREE
Feedback
Dark Mode
Quiz Categories
Sports
Geography
Music
Movies
Television
Just For Fun
Miscellaneous
History
Literature
Language
Science
Gaming
Entertainment
Religion
Holiday
For Kids
Quiz Lab
Recent
Popular Today
Quiz Kudos Today
Editor Picks
Curator Picks
Quizzes by...
Day
Popularity
Type
Ratings
Length
Year
Community
Subscriptions
Recent Discussions
Orange Saloon
Badges
Playlists
Quests
Create
Leaderboards
Showdown
Live 5
Trivia Bingo
Activity
Puzzle Library
Sporcle Events
Private Events
Virtual Trivia
Globe League
Become a Host
Pub Owners
SporcleCon
Opinionation
Our Games
Videos
Blog
Mobile Apps
Partnerships
Remove Ads and Go Orange
Feedback
Gaming
Video Games
Board Games
Card Games
Pokémon
Mario
Nintendo
Minecraft
Console
Toys
Legend of Zelda
Gaming
Video Games
Board Games
Card Games
Pokémon
Mario
Nintendo
Minecraft
Console
Toys
Legend of Zelda
Random Quiz
Search Sporcle
×
Curator Pick
Curator Pick
Gaming
Word Ladder
Type in answers that appear in a list
Type in answers that appear in a list
Classic
Best Score? Go Orange.
Word Ladder: Cities of Skyrim Stats
Can you name the nine major cities of Skyrim in this four-letter word ladder?
By
Mimbleton
4m
43 Questions
3,961 Plays
3,961 Plays
3,961 Plays
Comments
Comments
Give Quiz Kudos
Give Quiz Kudos
-
- Ratings
hide this ad
Replay
Link that replays current quiz
Next Quiz
Link to next quiz in quiz playlist
You Got
0%
They Got
Avg Score
48%
Avg Friend Score
Upgrade to see
Score Distribution
Jump to the score distribution portion of the page
Score
0/43
Timer
04:00
0
Plays Today
Hint
Word
% Correct
Daybreak • _
_
_
_
STAR •
• DAWN •
95.9%
Visible sign • _
_
_
_
ARTH •
• MARK •
88.2%
Keep • WINTER_
_
_
_
•
• HOLD •
86.9%
Head protector • WIND_
_
_
•
• HELM •
84%
Columbo actor, Peter _
_
_
_
• _
_
_
_
REATH •
• FALK •
81.4%
Slangy outlook • SOLI_
_
_
_
•
• TUDE •
80.6%
Smallest amount • _
_
_
_
ERUN •
• WHIT •
74.9%
Schism • _
_
_
_
EN •
• RIFT •
73.8%
Kind of Skyrim elf
DARK
65.8%
The Incredible _
_
_
_
HULK
57.3%
Kept
HELD
56.8%
Speak
TALK
56.5%
Mend a sock
DARN
55.4%
Wall or bread fungus
MOLD
52.2%
Fanciful story
TALE
49.4%
Amigo's greeting
HOLA
49.2%
Shed feathers
MOLT
47.7%
Inflatable lifeboat
RAFT
47%
Market
MART
46.8%
Actor Ian _
_
_
_
HOLM
45.5%
Mass or weight
BULK
45.1%
Polynesian dance
HULA
44.8%
Hint
Word
% Correct
Death, to Pierre
MORT
44.5%
Pitcher's faux pas
BALK
43.3%
'_
_
_
_
me your ears.'
LEND
42.6%
Ceramic square
TILE
42%
Spoiled child
BRAT
41.6%
Smallest pup
RUNT
41.5%
Tirade
RANT
37%
UK Denizen
BRIT
36.8%
Legal document
WRIT
36.4%
Boorish
RUDE
36%
Symbol
RUNE
34.6%
Make angry
RILE
34.1%
Neap, Ebb, or Rip
TIDE
32.4%
Easter time
LENT
32.3%
Full of
RIFE
31.8%
Fork point
TINE
29.3%
Fabric dust
LINT
28.7%
Heavy metal
LEAD
28.3%
Shade of color
TINT
28.1%
Glass jewelry unit
BEAD
23.5%
Small nail
BRAD
22.6%
Quiz Playlist
Details
Report
Send in Message
Add To Playlist
Classic:
Type in answers that appear in a list
Last Updated: May 26, 2017
Curator Pick in
Word Ladder
Quiz Scoreboard
CHALLENGE
Sign Up to Join the Scoreboard
Show All
Scores
Hide
Comments
May contain spoilers
Recently Published
Image Sorting: Flags VI
by Barbecue
Geography
2m
Find the 'City' Movie
by crazypaving
Movies
60s
Colored Red Africa Blitz
by spor1
Geography
45s
More to Explore
Quiz From the Vault
Featured Blog Post
14 Easter Pick-up Lines to Find Eggs With
hide this ad
You Might Also Like...
Tags
City Quiz
Word Ladder Quiz
major
nine
Skyrim
Today's Top Quizzes in Gaming
Browse Gaming
hide this ad
Today's Top Quizzes in Word Ladder
Browse Word Ladder
Top Contributed Quizzes in Gaming
1
League of Legends Pro Players by Career/Team History
2
Destiny 2 exotic weapons by perk icons
3
Genshin Impact Logic Puzzle
4
Genshin murder mystery
5
Dead By Daylight Logic Puzzle
6
4x4 Decades: Video Games
7
Ultimate Genshin Impact Logic Puzzle (up to 4.3)
8
Overwatch Logic Puzzle
9
Who's on the WWE 2K24 Cover?
10
Overwatch 2: Ultimate Ability Icons
Explore More
Trending Topics
Anime
Crossword
Disney
NBA
Marvel
Harry Potter
Kpop
NFL
Country
Pokémon
Soccer
The Office
Puzzle
WWE
Song
hide this ad
More By:
Mimbleton
Quiz
Plays
Rating
Category
Featured
Created
One-Word Movie Mix-and-Match
98,080
4.55
Movies
Apr 18, 2013
What's Your Move?
91,974
4.37
Gaming
Aug 28, 2012
The 'Sweetest' Quiz
82,970
3.84
Miscellaneous
Jul 9, 2012
Clickably Spicy
73,510
3.96
Miscellaneous
Jul 26, 2012
Fictional Races
70,603
4.43
Entertainment
May 15, 2013
Go to Creator's Profile
Score Distribution
Quiz Creator Spotlight
Mimbleton
Follow
Send a Message
Quizzes Created
-
Created Quiz Play Count
-
More By This Creator
Popular Quizzes Today
1
Colored Red Africa Blitz
2
Find the US States - No Outlines Minefield
3
Find the 'City' Movie
4
5x2 Blitz: Bands
5
The Countries of the World
6
Find the US States
7
Find the Countries of Europe - No Outlines Minefield
8
US States
More Gaming Quizzes
Letter Pyramid - Original 151 Pokémon
Published
Trending Quizzes
Colored Red Europe Blitz I
Colored Red Africa Blitz II
Colored Red Europe Blitz II
Colored Red Africa Blitz III
Colored Red Europe Blitz III
Recently Updated
How Do You Spell That?
pecheneg
Godzilla Movies
pecheneg
Grab Bag: 4-10 Letters
pecheneg
2024 March Madness Bracket
pecheneg
Famous TV Couples
Peacemaker
Champions League XIs: Real Madrid
pecheneg
Largest US Cities 1790-2010
pecheneg
Rides in Walt Disney World
pecheneg
Most Oscar Losses (Acting)
pecheneg
Beyoncé Albums
pecheneg
Trending Topics
Harry Potter
NBA
Anime
Marvel
Kpop
Crossword
Disney
WWE
The Office
NFL
Pokémon
Country
Song
Soccer
Puzzle
Your Account Isn't Verified!
In order to create a playlist on Sporcle, you need to verify the email address you used during registration. Go to your
Sporcle Settings
to finish the process.
Report this User
Report this user for behavior that violates our
Community Guidelines
.
Details:
Send Report
Go to the Sporcle.com Mobile Site →
Comments